| 000 | 01169cam a22003974i 4500 | ||
|---|---|---|---|
| 003 | PE-LiUPU | ||
| 005 | 20251215101935.0 | ||
| 008 | 150617s1894 r 000 0 eng d | ||
| 035 | _a(Sirsi) a204194 | ||
| 040 |
_aPE-LiUPU _bspa _cPE-LiUPU _erda |
||
| 049 | _aPRUA | ||
| 082 | 0 | 4 |
_a291.2 _bS47 _221 |
| 100 | 1 |
_aShedd, William, _eautor. |
|
| 245 | 1 | 0 |
_aDogmatic theology / _cBy William G. J. Shedd. |
| 264 | 1 |
_aMichigan : _bZondervan, _c1894. |
|
| 300 |
_a528 páginas ; _c20 centímetros. |
||
| 336 |
_atext _2rdacontent |
||
| 337 |
_aunmediated _2rdamedia |
||
| 338 |
_avolume _2rdacarrier |
||
| 505 | 2 | _aTheological introduction -- Bibliology -- Theology (doctrine of God) -- Anthropology -- Christology -- Soteriology -- Eschatology. | |
| 526 | _aSEG42 | ||
| 526 | _aSEG41 | ||
| 526 | _aSEG40 | ||
| 526 | _aSEG39 | ||
| 526 | _aP94 | ||
| 526 | _aP87 | ||
| 526 | _aP86 | ||
| 526 | _aP85 | ||
| 526 | _aP77 | ||
| 526 | _aP76 | ||
| 526 | _aP35 | ||
| 650 | 0 | 4 | _aLengua francesa |
| 942 |
_2ddc _cBK |
||
| 980 |
_818226 _gJaime Vilcazán Jefe de Análisis Documental |
||
| 999 |
_c20568 _d20568 |
||